| 000 | 01017nam a22003017a 4500 | ||
|---|---|---|---|
| 001 | 5455 | ||
| 003 | FISKH | ||
| 005 | 20260126104412.0 | ||
| 008 | 241209b cb ||||| |||| 00| 0 eng d | ||
| 020 | _a9781408855669 | ||
| 040 |
_aFISKH _beng _cFISKH _dFISKH |
||
| 050 | _aPR6068.O93 | ||
| 082 | _a823.914 | ||
| 100 |
_aRowling, J.K _d(1965-) |
||
| 245 |
_aHarry Potter and the Chamber of secrets / _cJ.K. Rowling |
||
| 250 | _aThis edition published in 2014 | ||
| 260 |
_aLondon : _bBloomysbury, _c2014. |
||
| 300 |
_a360 pages : _c20 cm |
||
| 505 | _aZ | ||
| 520 | _aWhen the Chamber of Secrets is opened again at the Hogwarts School for Witchcraft and Wizardry, second-year student Harry Potter finds himself in danger from a dark power that has once more been released on the school. | ||
| 521 | 8 |
_a940L
_bLexile |
|
| 521 | 8 |
_aZ
_bRaz-Plus |
|
| 650 |
_2Harry Potter _aYoung adult |
||
| 650 |
_2Magic _aFantasy |
||
| 700 |
_aJonny , Duddle _eIllustrator |
||
| 942 |
_2ddc _cBK _n0 |
||
| 999 |
_c5455 _d5455 |
||